Countries with two Us - Statistics

General Stats
  • This quiz has been taken 111 times
  • The average score is 9 of 12
Answer Stats
Country % Correct
Uruguay
94%
Tuvalu
89%
Vanuatu
83%
South Sudan
82%
Nauru
78%
Guinea-Bissau
74%
Burundi
70%
Papua New Guinea
70%
Equatorial Guinea
67%
Luxembourg
67%
Mauritius
65%
Antigua and Barbuda
63%
No matching quizzes found
Score Distribution
Percent of People with Each Score
Percentile by Number Answered
Your Score History
You have not taken this quiz